000 02008nam0a2200361 4500
001 RU\NLR\BIBL_A\012545769
005 20210804105811.0
010 _a978-5-86433-770-7
_9500
021 _aRU
_bКН-П-21-006722
_9КН-П-21-0525
035 _a(NLR Aleph) 012545769
035 _a(RuMoRGB)010569627
090 _a12414204
_c12414204
100 _a20210615d2020 k y0rusy50 ca
101 0 _arus
102 _aRU
105 _a |||z|||000zy
181 0 _ai3
_baxxe
182 0 _an
200 1 _aЛесопогрузчики гусеничные. Обоснование параметров кинематики механизма поворота захвата
_eмонография
_fВ.Ф. Полетайкин, В.С. Аверьянов
_gМинистерство науки и высшего образования Российской Федерации, Сибирский государственный университет науки и технологий имени академика М.Ф. Решетнева
203 _aТекст
_bвизуальный
_cнепосредственный
210 _aКрасноярск
_cРедакционно-издательский отдел СибГУ им. М.Ф. Решетнева
_d2020
215 _a168, [2] с.
_cил., табл.
_d21
320 _aБиблиогр.: с. 162-167 (83 назв.)
517 1 _aОбоснование параметров кинематики механизма поворота захвата
606 1 _aЛесопогрузчики гусеничные
_xЗахватные устройства
_xПараметры
_2nlr_sh2
_3RU\NLR\AUTH\6601690960
686 1 _aП390.702.3в641.0
700 1 _aПолетайкин
_bВ. Ф.
_gВладимир Федорович
701 1 _aАверьянов
_bВ. С.
_gВячеслав Сергеевич
942 _cBOOK
980 _aNBR
980 _aNB